000 00604nam a2200229Ia 4500
003 OSt
005 20220926044717.0
006 a|||||r|||| 00| 0
007 ta
008 220923b |||||||| |||| 00| 0 eng d
037 _cGeneral Book
040 _aRTL
_cRTL
_beng
041 _2eng
_aeng
082 _aV43:1z7, K0.1
100 _aIyer Raghavan Ed.
245 0 _aSouth Asian affairs. V 1
260 _c1960
490 _aSt Antony's Papers; 8
650 _aSouth East Asia History
_928132
942 _hV43:1z7, K0.1
_cGB
_2CC
999 _c675592
_d675592